| 000 | 00523cam a22001811 4500 | ||
|---|---|---|---|
| 082 |
_a358 _bDIC _cL-30, P-2. |
||
| 100 | 1 |
_aDickens, Gerald, _948634 |
|
| 245 | 0 | 0 |
_aBombing and strategy; _bthe fallacy of total war. |
| 260 |
_aLondon, _bS. Low, Marston _c[1947] |
||
| 300 |
_axiii, 90 p. _c21 cm. |
||
| 526 |
_a0 _b0 _c0 _d358_000000000000000_DIC |
||
| 650 | 0 |
_aAir warfare. _948635 |
|
| 650 | 0 |
_aMCE _9379 |
|
| 650 | 0 | _aStrategy. | |
| 650 | 0 |
_aTotal war. _948636 |
|
| 650 | 0 |
_aWorld War, 1939-1945. _928174 |
|
| 942 |
_2ddc _cBK |
||
| 999 |
_c551502 _d551502 |
||